🌍 Guess the Country by Emojis #2 - Statistics

General Stats
  • This quiz has been taken 54 times
  • The average score is 6 of 8
Answer Stats
Hint Answer % Correct
πŸπŸ¦«β„οΈ Canada
98%
β˜•πŸ‘‘πŸ’‚ United Kingdom
96%
πŸ›•πŸͺ🌞 Egypt
91%
πŸΊπŸ°πŸš— Germany
87%
⚽🌴🦜 Brazil
80%
πŸͺ†πŸ»πŸ° Russia
71%
πŸ•‰οΈπŸ”±πŸͺ˜ India
56%
β„οΈπŸ›ΆπŸ§Š Sweden
47%
No matching quizzes found
Score Distribution
Percent of People with Each Score
Percentile by Number Answered
Your Score History
You have not taken this quiz